[Event "Agneaux St Lo FIDE 06th"]
[Site "Agneaux"]
[Date "2002.07.17"]
[Round "9"]
[White "Didierjean, Tristan"]
[Black "Terrieux, Kevin"]
[Result "0-1"]
[WhiteElo "1980"]
[BlackElo "2160"]
[PlyCount "62"]
[EventDate "2002.07.09"]
[EventType "tourn"]
[EventRounds "9"]
[EventCountry "FRA"]
[SourceTitle "EXT 2003"]
[Source "ChessBase"]
[SourceDate "2002.11.25"]
[SourceVersion "1"]
[SourceVersionDate "2002.11.25"]
[SourceQuality "1"]

1. e4 c5 2. Nf3 Nc6 3. d4 cxd4 4. Nxd4 Nf6 5. Nxc6 bxc6 6. Nc3 e5 7. Be2 Bb4 8. Qd3 0-0 9. 0-0 d5 10. f4 Bxc3 11. Qxc3 Qb6+ 12. Qe3 d4 13. Qf2 Nxe4 14. Qf3 f5 15. fxe5 Be6 16. Bd3 Bd5 17. Qh3 c5 18. b3 Qg6 19. Bf4 Rac8 20. Rac1 Kh8 21. Rf3 Ng5 22. Bxg5 Bxf3 23. Be7 Bg4 24. Qh4 Rfe8 25. Bd6 Bf3 26. Qf2 Be4 27. Bb5 Re6 28. Bd7 Rxd6 29. Bxc8 Rd8 30. e6 Rxc8 31. e7 Re8 0-1